000 00467nam a2200193 a 4500
001 1766034867480
003 ACL
005 20251218104756.0
008 251218s1990##################000#0#eng##
020 _a9780440502630
082 0 4 _a641.5
_bHIL
100 1 _aHill, Barbara,
_eauthor.
245 1 0 _aCook's Book of Essential Information :
260 _bDell,
_c1990.
300 _a338 pages
650 0 _aCooking.
942 _cENGLISH
040 _aACL
_beng
_cACL
999 _c603173
_d603173